Manažer - jeho práva a nároky
Práva a povinnosti manažéra podľa právnych predpisov. Manažérska zmluva a zákon o mzde (č.1/1992 Sb.). Manažérska zmluva u súkromných podnikateľov.
Salvato in:
| Autore principale: | |
|---|---|
| Natura: | Capitolo di libro |
| Lingua: | ceco |
| Soggetti: | |
| Tags: |
Nessun Tag, puoi essere il primo ad aggiungerne!!
|
MARC
| LEADER | 00000naa a2200000 4500 | ||
|---|---|---|---|
| 001 | r016915 | ||
| 005 | 20221208131014.0 | ||
| 041 | 0 | |a cze | |
| 044 | |a CZ | ||
| 245 | 1 | 0 | |a Manažer - jeho práva a nároky |c L. Jouza |
| 520 | |a Práva a povinnosti manažéra podľa právnych predpisov. Manažérska zmluva a zákon o mzde (č.1/1992 Sb.). Manažérska zmluva u súkromných podnikateľov. | ||
| 610 | 2 | 0 | |a manažéri |
| 610 | 2 | 0 | |a zmluvy pracovné |
| 610 | 2 | 0 | |a predpisy právne |
| 610 | 2 | 0 | |a Česko |
| 610 | 2 | 0 | |a mzdy |
| 100 | 1 | |a Jouza, L. | |